[Event "Sitges Sunway op-A 5th"]
[Site "Sitges"]
[Date "2018.12.20"]
[Round "7"]
[White "Edouard, Romain"]
[Black "Lopez Martinez, Josep Manuel"]
[Result "1-0"]
[WhiteElo "2644"]
[BlackElo "2580"]
[Annotator "Edouard,R"]
[PlyCount "81"]
[EventDate "2018.12.14"]
[EventType "swiss"]
[EventRounds "10"]
[EventCountry "ESP"]
[SourceTitle "CBM 187 Extra"]
[Source "ChessBase"]
[SourceDate "2018.11.04"]
[SourceVersion "1"]
[SourceVersionDate "2018.11.04"]
[SourceQuality "1"]

1. d4 Nf6 2. c4 e6 3. Nc3 Bb4 4. Nf3 c5 5. g3 cxd4 6. Nxd4 Ne4 7. Qc2 Nxc3 {
The most solid line.} 8. bxc3 Be7 9. Bg2 a6 $5 {A smart move, which I had no
idea about. Black wants to play ...d6, ...Nd7, ...Qc7 and his problems will be
solved.} (9... O-O {gives Black no time for the same plan.} 10. O-O Nc6 (10...
d6 11. Rd1 a6 12. c5 $1 Qc7 13. cxd6 Bxd6 14. c4 Nd7 15. Nb3 Nc5 16. Ba3 Be7
17. Rab1 Ra7 18. Nxc5 Bxc5 19. Bxc5 (19. Qb3 $1 $146) 19... Qxc5 20. Qd3 $14 {
½-½ (41) Shimanov,A (2586)-Durarbeyli,V (2515) India 2011}) 11. Rd1 (11. Bf4
$5 $146) 11... Ne5 12. Qe4 $5 Qa5 (12... Nxc4 13. Nxe6 fxe6 14. Qxc4 d5 15. Qd3
$14) 13. Bf4 f6 (13... Nxc4 $6 14. Nxe6 $14) (13... Ng6 14. Nb3 Qxc3 15. Rac1
Qb2 16. Rc2 Qa3 17. Bc7 $40) 14. Rab1 $5 {is nice for White.}) (9... Nc6 10.
O-O O-O {transposes to 9...0-0.}) (9... Qc7 {isn't so good, but isn't as bad
as it looks like:} 10. Nb5 $1 Qxc4 11. Qb3 Qxb3 12. axb3 Na6 13. Rxa6 bxa6 14.
Nc7+ Kd8 15. Nxa8 d5 16. Bf4 g5 17. Be5 f6 18. Bb8 Bb7 19. Nc7 Kd7 20. Nxe6
Rxb8 21. Nd4 (21. Bh3 $5) 21... Bc5 22. Kd2 $14 {1-0 (54) Stocek,J (2559)
-Cifka,S (2439) Zdar nad Sazavou 2008}) 10. Bf4 {A novelty over the board, but
nothing brilliant!} (10. O-O Qc7 (10... d6 11. c5 $5 dxc5 12. Nf3 {looks
dangerous for Black.}) 11. Qa4 $5 {At least White forces ...Nd6!} (11. Rb1 d6 {
followed by ...Nd7 seems easy for Black.}) 11... Nc6 (11... O-O $2 12. Nb5 $1
$16) 12. Nb3 d6 13. c5 $5 Bd7 (13... d5 $5 14. c4 dxc4 15. Qxc4 O-O 16. Bb2 e5
{looked solid for Black, although White should be on the easier side if he goes
} 17. Bd5 $1 $36) 14. Qg4 O-O 15. Bh6 Bf6 16. cxd6 Qxd6 17. Be3 Qc7 18. Nc5 Bc8
19. Rab1 $14 {1-0 (32) Wen,Y (2592)-Yilmazyerli,M (2460) Bulgaria 2015}) (10.
Rb1 $5 {also makes sense:} Qc7 11. Qa4 Nc6 12. Nxc6 bxc6 $6 (12... dxc6 {
followed by ...0-0 and ...e5 should be close to equal}) 13. Bf4 e5 14. Be3 $14
{Bagirov,V-Kogan,B Rostov on Don 1971}) 10... O-O $2 {A huge mistake!} (10...
d6 {was the annoying move I expected. Black wants to go ...Qc7/...Nd7 before
he castles, otherwise White may have time to prevent it. I wanted to go} 11.
Nf3 {creating Ng5-ideas, but after} Nd7 12. O-O Qc7 13. Rfd1 h6 $1 (13... O-O
14. Ng5 $36) 14. Qd3 e5 15. Be3 O-O {Black seems to be fine.}) 11. Rb1 (11. Rd1
{would also be an improvement compared to 10...d6, but after} d6 12. Nb3 Qc7
13. c5 e5 {it seems the position is unclear.}) 11... Nc6 $6 ({Best was to give
away the b7-pawn:} 11... d6 12. Bxb7 Bxb7 13. Rxb7 Bf6 {with the idea ...Qc8,
and good drawing chances.} (13... e5 $2 14. Nf5 $18)) 12. O-O {Now I got the
outmost best out of my 10.Bf4 novelty. Black is paralyzed.} Na5 13. Qd3 d6 14.
Nb3 Nc6 ({After} 14... Nxb3 {both recaptures would be good.}) 15. Rfd1 Ne5 (
15... e5 16. Be3 Qc7 17. Nd2 $16) 16. Qd4 $5 (16. Bxe5 dxe5 17. Qxd8 Rxd8 18.
Rxd8+ Bxd8 19. Nc5 {was surely simpler.}) 16... f6 $6 (16... Bf6 $8 17. Kf1 $1
{with a clear advantage, e.g.} Qc7 18. c5 (18. Nd2 $5) 18... d5 19. h4 $16) 17.
c5 d5 (17... dxc5 18. Qxd8 Rxd8 19. Rxd8+ Bxd8 20. Nxc5 $16) 18. Bxe5 (18. e4
$5) 18... fxe5 19. Qxe5 Bf6 20. Qe3 Qc7 21. Qd3 a5 22. c4 (22. a4 Bd7 23. c4
Bxa4 24. cxd5 exd5 25. Qxd5+ Rf7 {seemed a little less clear to me.}) 22... a4
23. Nd2 $5 {After some thought I considered this best.} (23. Nd4 Qxc5 24. cxd5
exd5 25. Rb5 $18) 23... d4 (23... Qxc5 24. cxd5 exd5 (24... Qxf2+ $2 {would be
nice if the d1-rook was standing on e1!} 25. Kxf2 Bd4+ 26. Ke1 $18) 25. Bxd5+
Kh8 26. Ne4 $18) 24. Ne4 e5 25. e3 $1 $18 Be7 (25... Bf5 26. Rxb7 $1 $18) 26.
exd4 Bf5 27. Rb5 exd4 28. Qxd4 Rad8 (28... Bxe4 29. Bxe4 Rad8 30. Bd5+ $18) 29.
Nd6 Bc8 30. Bxb7 Bxb7 31. Rxb7 Qxb7 32. Nxb7 Rxd4 33. Rxd4 Rc8 34. Rd5 a3 35.
Kf1 Rb8 36. c6 Kf7 37. c5 Ke6 38. Rd6+ Ke5 39. c7 Rc8 40. f4+ Kf5 41. Rc6 1-0

[Event "Guilan Stars Cup 1st"]
[Site "Guilan"]
[Date "2016.07.16"]
[Round "6.3"]
[White "Edouard, Romain"]
[Black "Idani, Pouya"]
[Result "1-0"]
[WhiteElo "2639"]
[BlackElo "2560"]
[Annotator "Edouard,R"]
[PlyCount "67"]
[EventDate "2016.07.11"]
[EventType "schev"]
[EventRounds "10"]
[EventCountry "IRI"]
[SourceTitle "CBM 174"]
[Source "ChessBase"]
[SourceDate "2016.09.13"]
[SourceVersion "1"]
[SourceVersionDate "2016.09.13"]
[SourceQuality "1"]
[WhiteTeam "World Stars"]
[BlackTeam "Iran Stars"]
[BlackTeamCountry "IRI"]
[WhiteClock "0:18:16"]
[BlackClock "0:13:08"]

1. d4 Nf6 2. c4 e6 3. Nc3 Bb4 4. Nf3 c5 5. g3 Bxc3+ 6. bxc3 Qa5 7. Bd2 b6 8.
Bg2 Bb7 9. O-O O-O 10. d5 Qa6 (10... exd5 11. Nh4 $1 $146 Qa6 12. Nf5 {is the
other critical option. Black's position is very dangerous.}) 11. Re1 $1 {
A nice move. Black cannot take a pawn either way.} Ne4 (11... Qxc4 $2 12. e4
$16) (11... exd5 12. cxd5 Nxd5 (12... Bxd5 13. Bg5 $16) 13. e4 $16) 12. Qb3 $5
$146 {A nice idea.} (12. Qc2 {is however highly interesting too, and Alexander
Ipatov won a fantastic game there:} f5 13. Bf4 Qxc4 14. Ne5 Qa6 15. Bxe4 fxe4
16. dxe6 dxe6 (16... Nc6 $1 17. Nxd7 Rfe8 {was probably the way to go for Black
}) 17. Rad1 Nc6 18. Rd7 Rad8 19. Qxe4 Rxd7 20. Nxd7 Re8 21. Bh6 $1 Re7 22. Bxg7
$1 $18 {1-0 (31) Ipatov,A (2625)-Panjwani,R (2422) USA 2013}) 12... d6 13. Ng5
$1 {The all point.} Nxg5 (13... Nxd2 $2 14. Qc2 $16) 14. Bxg5 Re8 15. a4 $5 (
15. e4 Nd7 16. Bf4 e5 17. Bd2 Qa5 {and Black is very solid.}) 15... Nd7 16. Bf4
$6 {A logical move in a way, but not really the one White should play.} (16. a5
$1 {was critical:} exd5 17. axb6 Qxb6 18. Qc2 (18. Qd1 $5) 18... dxc4 {
(otherwise White is just better)} 19. Reb1 (19. Rab1 Bxg2 20. Rxb6 Be4 21. Qd1
axb6 22. Qxd6 $14 {is the other version White can get}) 19... Bxg2 20. Rxb6 Be4
(20... axb6 21. Rxa8 Bxa8 22. Bf4 $14) 21. Qd2 axb6 22. Rxa8 Rxa8 23. f3 Bf5
24. Be7 {and Black will have a tough time.}) (16. dxe6 $5 {makes sense as well:
} fxe6 17. Qb5 Qxb5 18. axb5 Bxg2 19. Kxg2 Ne5 20. Ra4 $14) 16... e5 17. Bd2 e4
(17... Qa5 {was the other option, and in case of} 18. Reb1 Bc8 19. Qb5 Qxb5 20.
axb5 f5 21. Rb2 a5 22. bxa6 Rxa6 23. Rba2 Rxa2 24. Rxa2 Kf7 {Black should hold,
although he is slightly worse.}) 18. Bf4 Ne5 19. Bxe5 Rxe5 20. a5 bxa5 21. Reb1
Re7 $5 (21... Bc8 22. Qb5 {with a difficult endgame for Black.}) 22. Ra4 $5 ({
I had difficulties to assess} 22. Bxe4 {but after} Rxe4 23. Qxb7 Qxb7 24. Rxb7
Rxe2 25. Rxa5 g6 26. Ra6 Rc2 27. Rxd6 Rxc3 28. Rf6 Rf8 29. Rf4 f5 {Black
should make a draw.}) 22... Bc8 23. Qb5 (23. Qa2 Bf5 24. Rxa5 Qc8 25. Rb6 $1
Qd8 26. Raa6 Rd7 27. e3 {was the other option but I thought after} h6 {
followed by ...Qe7 it would be difficult to breakthrough.}) 23... Qxb5 (23...
f5 $1 24. Rxa5 Qb7 $1 {was the best defense, which I absolutely missed.}) ({
Of course} 23... Rb7 $4 {is impossible due to} 24. Qe8#) 24. cxb5 Rb8 25. Rxa5
f5 (25... a6 26. b6 {and Black cannot touch the b6-pawn. Shortly White will
target the a6 pawn, and later bring his king to the queenside.}) 26. Rba1 c4 $5
(26... Kf7 27. Bf1 g5 28. f4 $14) 27. e3 Rc7 28. Bf1 Rc5 29. Rxa7 Bb7 $2 (29...
Rbxb5 $1 30. R1a4 Kf8 {was necessary. Black is worse but may hold.}) 30. R1a5
Bxd5 $6 (30... Kf8 {was mandatory.}) 31. Rd7 $2 (31. R5a6 $1 {was more precise:
} Rcxb5 32. Rxd6 Kh8 $8 33. Rdd7 Bg8 34. Rxg7 Rb1 35. Rac7 Rc1 36. Rg5 $16)
31... Rcxb5 32. Raa7 Kf8 $2 (32... Kh8 $1 33. Rxg7 Bg8 34. Bh3 Rf8 {and the
position is not so clear.}) 33. Rxd6 R8b7 $4 (33... Bg8 {was necessary but
Black is in trouble:} 34. h4 $1 (34. Rd4 $16) 34... Rb3 35. h5 $1 h6 (35...
Rxc3 36. h6 $18) 36. Ra5 $16) 34. Rxd5 1-0

[Event "Teheran FIDE GP (Women)"]
[Site "Teheran"]
[Date "2016.02.17"]
[Round "6"]
[White "Koneru, Humpy"]
[Black "Ju, Wenjun"]
[Result "0-1"]
[WhiteElo "2583"]
[BlackElo "2558"]
[Annotator "Fischer,J"]
[PlyCount "52"]
[EventDate "2016.02.11"]
[EventType "tourn"]
[EventRounds "11"]
[EventCountry "IRI"]
[EventCategory "11"]
[SourceTitle "CBM 171"]
[Source "ChessBase"]
[SourceDate "2016.03.14"]
[SourceVersion "2"]
[SourceVersionDate "2016.03.14"]
[SourceQuality "1"]

1. d4 Nf6 2. c4 e6 3. Nc3 Bb4 4. f3 O-O 5. e4 d5 6. cxd5 exd5 7. e5 Nfd7 8. f4
({In einer Top-Partie zwischen S. Mamedyarov und L. Aronian 2014 hatte Weiß
mit einem anderen Zug Erfolg:} 8. a3 Bxc3+ 9. bxc3 f6 10. exf6 Qe8+ 11. Qe2 Qf7
12. fxg7 Re8 13. Be3 Nc6 14. Qd2 Na5 15. Rb1 Nb6 16. Rb4 Nac4 17. Bxc4 dxc4 18.
Rb5 Bf5 19. Kf2 Nd5 20. Rxd5 Qxd5 21. Ne2 a5 22. h4 b5 23. h5 b4 24. cxb4 axb4
25. axb4 Qb5 26. Re1 Bd3 27. Nf4 Ra3 28. d5 Bb1 29. Kg3 c3 30. Qc1 Rb3 31. Bc5
Rxe1 32. Qxe1 Qd7 33. h6 Qf7 34. Nh5 Bg6 35. Qe8+ Qxe8 36. Nf6+ Kf7 37. Nxe8
Ra3 {Mamedyarov,S (2757)-Aronian,L (2830) Khanty-Mansiysk 2014 1-0}) 8... c5 9.
Nf3 $6 {Das ist in Anbetracht der Partiefortsetzung schon ungenau.} ({Die
Engines empfehlen} 9. a3 {mit Ausgleich.}) 9... cxd4 10. Nxd4 Nxe5 $1 {Wie in
alten Zeiten: Schwarz opfert im zehnten Zug eine Figur, um Linien zu öffnen
und den weißen König ins Freie zu treiben. Das gefällt übrigens auch den
Engines, die Schwarz hier klar im Vorteil sehen.} 11. fxe5 Qh4+ 12. Ke2 (12. g3
Qe4+) 12... Bc5 13. Be3 Bg4+ 14. Nf3 d4 15. Bg1 Bxf3+ 16. Kxf3 Nd7 17. g3 Nxe5+
18. Kg2 Qf6 19. Na4 Qc6+ 20. Kf2 d3+ 21. Nxc5 Qxc5+ 22. Kg2 Qc6+ 23. Kf2 Rac8
24. g4 $146 {Erstaunlich, aber dies ist tatsächlich der erste neue Zug in der
Partie. Allerdings steht Weiß bereits hoffnungslos auf Verlust.} ({In der
Vorgängerpartie geschah} 24. Bg2 Qf6+ 25. Ke1 Rfe8 {0-1 (25) Sriram,J (2408)
-Khenkin,I (2586) Port Erin 2006}) 24... Qxh1 25. Bg2 Rc2+ 26. Qxc2 Qxg2+ $1 {
Nach 27.Kxg2 dxc2 sichert der Freibauer auf c2 Schwarz den Sieg.} 0-1

[Event "Linares 08th"]
[Site "Linares"]
[Date "1990.??.??"]
[Round "6"]
[White "Gelfand, Boris"]
[Black "Short, Nigel D"]
[Result "0-1"]
[WhiteElo "2615"]
[BlackElo "2635"]
[Annotator "Ftacnik,L"]
[PlyCount "70"]
[EventDate "1990.02.??"]
[EventType "tourn"]
[EventRounds "11"]
[EventCountry "ESP"]
[EventCategory "16"]
[SourceTitle "CBM 017"]
[Source "ChessBase"]
[SourceDate "1990.08.01"]
[SourceVersion "1"]
[SourceVersionDate "1990.08.01"]
[SourceQuality "1"]

1. d4 e6 2. c4 Nf6 3. Nc3 Bb4 4. f3 c5 5. d5 b5 6. e4 bxc4 7. Bxc4 exd5 (7...
O-O $5) 8. Bxd5 Nxd5 9. Qxd5 Nc6 10. Nge2 O-O 11. O-O Rb8 $6 (11... Bb7 {/\ Qb6
}) 12. Bf4 Rb6 13. Bd6 Ne7 $2 14. Qe5 Ng6 15. Qg3 Ba6 (15... Re8 16. Bc7) 16.
Bxf8 Nxf8 17. Rfd1 Ba5 $5 18. Rab1 Rh6 19. Qf2 Bc7 20. g3 (20. h3 $5 $16) 20...
Ne6 21. Nd5 Be5 22. f4 Bd6 23. Ne3 Bf8 24. Ng4 Rh5 25. Qf3 Bb7 26. Nc3 (26.
Nf6+ Qxf6 27. Qxh5 Bxe4 $16) 26... f5 $1 27. Ne5 (27. Nf6+ gxf6 $1 28. Qxh5
fxe4 $132) 27... Qe8 28. Rxd7 fxe4 29. Qg4 Ba8 30. Rxa7 $6 (30. Rbd1 $18) 30...
Rh6 31. Qd1 $6 (31. Rd1) 31... c4 32. Nd7 $6 (32. Rxa8 Qxa8 33. Qd5 $18) 32...
Nxf4 33. gxf4 Bc6 $5 (33... Qg6+ 34. Kh1 Bc6 35. Ne5 Qg3 36. Qe2 $18) 34. Nd5
$2 $138 (34. Nxf8 e3 (34... Kxf8 35. Ne2 Rg6+ 36. Ng3 e3 37. Qd4 $18) (34...
Qxf8 35. Ra5 $1 Qxf4 36. Qd8+ Kf7 37. Rf1 Rg6+ 38. Rg5 $1 $18) 35. Qd4 $1 $18 (
35. Qg4 Qxf8 36. f5 $2 Rg6 $1 37. fxg6 Qf2#)) 34... Qg6+ 35. Kh1 e3 {Ftacnik,L}
0-1

[Event "Reykjavik Summit"]
[Site "Reykjavik"]
[Date "1990.??.??"]
[Round "?"]
[White "Thorsteins, Karl"]
[Black "Polugaevsky, Lev"]
[Result "1/2-1/2"]
[WhiteElo "2455"]
[BlackElo "2610"]
[Annotator "Ftacnik,L"]
[PlyCount "71"]
[EventDate "1990.03.??"]
[EventType "team"]
[EventRounds "6"]
[EventCountry "ISL"]
[SourceTitle "CBM 018"]
[Source "ChessBase"]
[SourceDate "1990.10.01"]
[SourceVersion "1"]
[SourceVersionDate "1990.10.01"]
[SourceQuality "1"]

1. d4 Nf6 2. c4 e6 3. Nc3 Bb4 4. Nf3 c5 5. g3 cxd4 6. Nxd4 O-O 7. Bg2 d5 8. Qb3
Bxc3+ 9. Qxc3 e5 10. Nb3 dxc4 {N} (10... d4 11. Qa5) (10... Nc6 11. O-O dxc4
12. Qxc4 Be6 13. Qb5 Qb6 14. Qxb6 axb6 15. Be3 Ra6 16. Nc1 Nd5 17. Bxd5 Bxd5 {
1/4-1/4/Van Wely,L-Winants,L/Wijk aan Zee II/1990/ ->CBM 17}) 11. Qxc4 (11. Na5
$22 Nd5 12. Qd2) 11... Be6 12. Qb5 Bd5 13. O-O a6 14. Qd3 (14. Qb4 Bxg2 15.
Kxg2 Qd5+ 16. Kg1 Nc6 $22 17. Qxb7 Rfb8 18. Qc7 Ne8 $19) 14... Bxg2 15. Qxd8
Rxd8 16. Kxg2 Nc6 17. Bg5 Rd5 $1 18. Rfd1 Rad8 19. Rxd5 Rxd5 20. Rc1 (20. Bxf6
gxf6 21. Rc1 Rb5 $10) 20... Nd7 21. g4 f6 22. Be3 Kf7 23. f3 g6 24. Kf1 f5 25.
gxf5 gxf5 26. Ke1 Kg6 27. Rc4 f4 28. Bf2 Rb5 $1 29. Kd1 Kf5 30. Rc3 (30. Kc1
Rb4 31. Rc3 e4) 30... e4 31. fxe4+ Kxe4 32. Nd2+ Kf5 33. b3 Rd5 34. Ke1 Nde5
35. Nf3 Ng4 36. h3 {Ftacnik,L} (36. Bb6 $5) 1/2-1/2

[Event "Linares 08th"]
[Site "Linares"]
[Date "1990.??.??"]
[Round "6"]
[White "Kasparov, Garry"]
[Black "Ljubojevic, Ljubomir"]
[Result "1/2-1/2"]
[WhiteElo "2800"]
[BlackElo "2625"]
[Annotator "Ftacnik,L"]
[PlyCount "54"]
[EventDate "1990.02.??"]
[EventType "tourn"]
[EventRounds "11"]
[EventCountry "ESP"]
[EventCategory "16"]
[SourceTitle "CBM 017"]
[Source "ChessBase"]
[SourceDate "1990.08.01"]
[SourceVersion "1"]
[SourceVersionDate "1990.08.01"]
[SourceQuality "1"]

1. d4 Nf6 2. c4 e6 3. Nc3 Bb4 4. f3 d5 5. a3 Be7 6. e4 dxc4 $5 {N} 7. Bxc4 c5
8. dxc5 (8. d5 $5) 8... Qxd1+ 9. Kxd1 Bxc5 10. Nb5 Bb6 11. e5 Nd5 12. Nd6+ (12.
f4 {/\ Nf3, Ljubojevic}) 12... Ke7 13. f4 Nc6 14. Nf3 Ne3+ 15. Bxe3 Bxe3 16. g3
Rd8 17. b4 $5 (17. Ke2 Bc5 18. Nxc8+ Raxc8 $10) 17... f6 18. Ke2 Bd4 19. b5
Bxa1 20. bxc6 fxe5 21. Nxc8+ Raxc8 22. Rxa1 exf4 23. Rb1 Rxc6 24. Rxb7+ Kf6 25.
Rb4 $6 fxg3 $6 (25... e5 $15) 26. hxg3 h5 27. Ke3 e5 {Ftacnik,L} 1/2-1/2

[Event "Linares 08th"]
[Site "Linares"]
[Date "1990.??.??"]
[Round "6"]
[White "Beliavsky, Alexander G"]
[Black "Spassky, Boris Vasilievich"]
[Result "1-0"]
[WhiteElo "2640"]
[BlackElo "2560"]
[Annotator "Ftacnik,L"]
[PlyCount "105"]
[EventDate "1990.02.??"]
[EventType "tourn"]
[EventRounds "11"]
[EventCountry "ESP"]
[EventCategory "16"]
[SourceTitle "CBM 017"]
[Source "ChessBase"]
[SourceDate "1990.08.01"]
[SourceVersion "1"]
[SourceVersionDate "1990.08.01"]
[SourceQuality "1"]

1. d4 Nf6 2. c4 e6 3. Nc3 Bb4 4. f3 d5 5. a3 Be7 6. e4 c5 7. cxd5 exd5 8. e5
Nfd7 9. Nxd5 cxd4 10. Nxe7 Qxe7 11. f4 f6 12. Nf3 $5 {N} (12. Qxd4) 12... fxe5
13. Bc4 Nc6 (13... exf4+ 14. Kf2 $40) 14. O-O e4 15. Bd5 Nf6 16. Bxc6+ bxc6 17.
Nxd4 O-O 18. Be3 Ba6 19. Re1 c5 20. Qb3+ Kh8 21. Nc6 Qe8 22. Ne5 Rb8 23. Qc2
Nd5 24. Qxe4 Nxe3 25. Rxe3 Rxb2 26. Rh3 h6 27. Ng6+ Kg8 28. Ne7+ Kh8 29. Re1
Rf6 30. Rg3 Qd8 31. Ng6+ Kg8 32. h4 Rd2 $2 (32... Qd4+ 33. Qxd4 cxd4 34. f5 $5
Rb8) (32... Rb8 33. Ne7+ Kh8 34. Nc6 Bb7 $1) 33. Qe8+ Kh7 34. Nf8+ $1 Kg8 (
34... Rxf8 35. Qg6+) 35. Nd7+ Qxe8 36. Rxe8+ Kf7 37. Nxf6 gxf6 38. Ra8 Ke6 39.
Rxa7 Bd3 40. Rg8 c4 41. Rc7 Ra2 42. Rc5 Rxa3 43. Rgc8 h5 44. Rxh5 c3 45. Rhc5
c2 46. h5 Be4 47. h6 Kf7 48. R8c7+ Kg6 49. h7 Ra8 50. g4 f5 51. gxf5+ Bxf5 52.
h8=N+ Kf6 53. R5c6+ {Ftacnik,L} 1-0

[Event "Voskresensk"]
[Site "Voskresensk"]
[Date "1990.??.??"]
[Round "?"]
[White "Khenkin, Igor"]
[Black "Barle, Janez"]
[Result "1-0"]
[WhiteElo "2450"]
[BlackElo "2430"]
[Annotator "Ftacnik,L"]
[PlyCount "47"]
[EventDate "1990.07.??"]
[EventType "tourn"]
[EventRounds "11"]
[EventCountry "URS"]
[EventCategory "9"]
[SourceTitle "CBM 019"]
[Source "ChessBase"]
[SourceDate "1990.12.01"]
[SourceVersion "1"]
[SourceVersionDate "1990.12.01"]
[SourceQuality "1"]

1. d4 Nf6 2. c4 e6 3. Nc3 Bb4 4. f3 d5 5. a3 Bd6 $5 6. e4 c5 7. cxd5 exd5 8.
dxc5 (8. e5 cxd4 9. Qxd4 Nc6 10. Qe3 d4) 8... Bxc5 9. e5 Nfd7 10. Qxd5 O-O 11.
f4 Bxg1 12. Rxg1 Qh4+ $6 {N} (12... Qb6 13. Rh1 Nc6 (13... Nc5 14. b4 Ne6 15.
Na4 Qc7 16. Be3 Nc6 17. Qd6 Qxd6 18. exd6 Re8 19. Kf2 $16 {Gelfand,B-Spasskij,
B/Linares/1990/ ->CBM 17}) 14. Bc4 Ndxe5 $5 15. fxe5 Be6 16. Qb5 Bxc4 17. Qxc4
Nxe5 18. Qb5 Qd4 $132 {Shirov,A-Rausis,I/Dauvgapils/1990/ ->CBM 17}) 13. g3
Qxh2 14. Qg2 Qxg2 15. Rxg2 $1 (15. Bxg2 Nc5 $132) 15... Nc5 16. Be3 Nb3 (16...
b6 17. Bxc5 bxc5 18. Na4 Nd7 19. Rc2 Rb8 20. O-O-O $16) (16... Nbd7 17. b4 $16)
17. Rd1 Bh3 (17... Nc6 18. Bc4 Nca5 19. Bd5 $16) 18. Rc2 Bxf1 19. Kxf1 Nc6 20.
Nb5 $1 Rad8 21. Nd6 (21. Rxd8 Rxd8 22. Nxa7 Nxa7 23. Bxa7 $16) 21... a6 (21...
Rd7 22. Rd3 Nca5 23. Bxa7) 22. Rc3 Nca5 (22... Nba5 23. b4 $18) 23. Bb6 Rd7 24.
Rd5 {Ftacnik,L} 1-0

[Event "Lvov zt"]
[Site "Lvov"]
[Date "1990.??.??"]
[Round "?"]
[White "Shirov, Alexei"]
[Black "Yudasin, Leonid"]
[Result "1/2-1/2"]
[WhiteElo "2500"]
[BlackElo "2575"]
[Annotator "Ftacnik,L"]
[PlyCount "67"]
[EventDate "1990.02.??"]
[EventType "swiss"]
[EventRounds "9"]
[EventCountry "URS"]
[SourceTitle "CBM 018"]
[Source "ChessBase"]
[SourceDate "1990.10.01"]
[SourceVersion "1"]
[SourceVersionDate "1990.10.01"]
[SourceQuality "1"]

1. d4 Nf6 2. c4 e6 3. Nc3 Bb4 4. f3 d5 5. a3 Be7 (5... Bd6 6. Bg5 (6. e4 c5 $22
7. e5 cxd4 8. Qxd4 Nc6) 6... Be7 7. e3 O-O 8. Bd3 c5 9. dxc5 Bxc5 10. cxd5 h6
11. Bxf6 Qxf6 12. Qd2 exd5 13. Nxd5 $14 {Yakovich,Y-Garcia Martinez,S/Bayamo/
1990/ ->CBM 18}) 6. e4 c5 7. dxc5 Bxc5 8. b4 Bxg1 (8... Bd6 9. Bb2 Be5 10. Qd2
O-O 11. Rd1 Nbd7 12. Nh3 dxe4 13. f4 Bc7 $14 {Malaniuk,V-Gurevich,V/Kherson/
1989/ ->CBM 16}) 9. Rxg1 Qc7 (9... a5 10. Rb1 axb4 11. axb4 O-O 12. cxd5 exd5
13. Nxd5 Be6 14. Nxf6+ Qxf6 $44 {Yakovich,Y-Hernandez,Rom/Bayamo/1990/ ->CBM 18
}) 10. g3 dxc4 11. Nb5 Qe5 (11... Qb6 12. Nd6+ Ke7 13. Nxc4 Qxg1 14. Be3 Rd8 (
14... Qxh2 15. Bc5+ Ke8 16. Qd6 Nc6 17. Na5 $18) 15. Qxd8+ Kxd8 16. Bxg1 $16)
12. Nd6+ Ke7 13. Bf4 Qc3+ 14. Bd2 (14. Kf2 Rd8 $13) 14... Qd4 15. Nxc4 b5 $1 (
15... Qxg1 16. Be3) 16. Ne3 Bd7 17. Rc1 Na6 (17... Nc6 18. Bxb5) 18. Kf2 Rac8
19. Bc3 Qxd1 20. Nxd1 Rhd8 21. Be2 Nb8 22. Nb2 Bc6 23. Nd3 Nbd7 (23... Bxe4 $2
24. Bxf6+ $18) 24. Bd4 a6 25. Nc5 e5 $1 26. Be3 Nxc5 27. Bxc5+ Ke8 28. a4 (28.
Rgd1 Rxd1 29. Rxd1 Rd8 $22 30. Bd6 Bxe4 $1) 28... Rd2 29. Ke3 Ra2 30. a5 Rd8
31. Bb6 Rdd2 32. Bd3 Kd7 (32... Bd7 33. Rc7 Rxh2 34. Ra7) 33. Rc5 {/\ Rgc1}
Bxe4 $1 34. Bxe4 {Ftacnik,L} (34. fxe4 Ng4+ 35. Kf3 Nxh2+ 36. Ke3 Rf2 $1) (34.
Bxe4 Re2+ 35. Kd3 Red2+ 36. Kc3 Nxe4+ 37. fxe4 Rac2+ 38. Kb3 Rb2+ $10) 1/2-1/2

[Event "USA-ch"]
[Site "Key West"]
[Date "1994.??.??"]
[Round "7"]
[White "Christiansen, Larry Mark"]
[Black "Benjamin, Joel"]
[Result "1-0"]
[WhiteElo "2575"]
[BlackElo "2610"]
[Annotator "Ftacnik,L"]
[PlyCount "66"]
[EventDate "1994.10.??"]
[EventType "tourn"]
[EventRounds "13"]
[EventCountry "USA"]
[EventCategory "13"]
[SourceTitle "CBM 044"]
[Source "ChessBase"]
[SourceDate "1995.02.01"]
[SourceVersion "1"]
[SourceVersionDate "1995.02.01"]
[SourceQuality "1"]

1. d4 Nf6 2. c4 e6 3. Nc3 Bb4 4. g3 c5 5. Nf3 cxd4 6. Nxd4 O-O 7. Bg2 d5 8. O-O
dxc4 9. Nc2 Be7 (9... Bxc3 10. bxc3 Qc7 11. Qd4 $5 $13) 10. Bf4 $6 (10. Qxd8 $5
Rxd8 11. Ne3 Nc6 12. Nxc4 Bd7 13. Bf4 $14) 10... Nc6 11. Ne3 $6 e5 $1 12. Bg5 (
12. Bxc6 $4 exf4 $19) 12... Be6 13. Bxf6 Bxf6 14. Ned5 Rc8 $2 (14... a6 $5 15.
Nxf6+ Qxf6 16. Bxc6 bxc6 17. Qa4 $15) 15. Qa4 g6 16. Rfd1 (16. Qxc4 $5 Bg7 17.
Qa4 $13) 16... Bg7 17. Qb5 b6 (17... Nd4 18. Qxb7 Rb8 19. Qxa7 Rxb2 20. e3 $13)
18. e3 $1 Nd4 (18... Bg4 19. Rd2 $13) 19. Qa6 (19. exd4 $2 exd4 20. Nb4 Rc5 $17
) 19... Rc5 20. Qb7 $1 (20. Qxa7 Bxd5 21. Nxd5 Rxd5 22. Bxd5 Qxd5 23. exd4 exd4
24. Qxb6 d3 $132) 20... Re8 (20... Bg4 $5 21. Rd2 Re8 22. Qxa7 Nf3+ 23. Bxf3
Bxf3 24. Qxb6 Qxb6 25. Nxb6 $16) 21. h3 Bd7 $2 (21... Qb8 22. Qxb8 Rxb8 23. Nb4
$16) 22. Qxa7 Bc6 (22... Nc6 23. Qxb6 $16) 23. Qxb6 Qxb6 (23... Rxd5 24. Nxd5
Bxd5 25. Qxd8 Rxd8 26. exd4 exd4 27. Bxd5 Rxd5 28. Rac1 $16) 24. Nxb6 Nf3+ 25.
Kh1 e4 26. a4 Rb8 27. a5 Be5 (27... Rxa5 28. Rxa5 Rxb6 29. Rd8+ Bf8 30. Rc5 $16
) 28. Bf1 Bxc3 29. bxc3 Ne5 30. Rdb1 Nd3 31. a6 Rf5 32. a7 Rd8 33. Kg1 Nxf2
$138 (33... Nxf2 34. Nxc4 Nd3 35. Rb8 $18) 1-0